Famous "Effects" in Science and Psychology - Statistics

General Stats
  • This quiz has been taken 764 times
    288 since last reset
  • The average score is 6 of 12
Answer Stats
Description Answer % Correct
The tendency of any treatment, even an ineffective one, to exhibit results because the recipient believes it will work {placebo} effect
91%
Concept in chaos theory where small changes can have large consequences. {butterfly} effect
79%
Social psychological theory that states that individuals are less likely to offer help to a victim when there are other people present {bystander} effect
71%
The process by which radiation from a planet's atmosphere warms the planet's surface to a temperature above what it would be without this atmosphere {greenhouse} effect
71%
Phenomenon where a large group of people remember something differently than consensus reality agrees upon {Mandela} effect
61%
The change in frequency of a wave in relation to an observer who is moving relative to the wave source {Doppler} effect
55%
Cognitive bias that people with low ability overestimate their own ability, while people with high ability underestimate their own ability {Dunning}–{Kruger} effect
38%
Phenomenon that occurs when an attempt to hide or censor information has the unintended consequence of increasing awareness of it {Streisand} effect
35%
A cognitive bias in which consumers place a higher value on products they assemble themselves {IKEA} effect
26%
Snow produced when a cold air mass moves across long expanses of warmer inland bodies of water {lake}-effect
16%
Psychological phenomenon wherein high expectations lead to improved performance (think My Fair Lady) {Pygmalion} effect
14%
Trope where a caregiver falls in love with his or her patient {Florence} {Nightingale} effect
11%
No matching quizzes found
Score Distribution
Percent of People with Each Score
Percentile by Number Answered
Your Score History
You have not taken this quiz since the last reset